| 000 | 00000nam##2200000za#4500 |
| 001 | 9.570223 |
| 003 | CaOODSP |
| 005 | 20210624182135 |
| 007 | cr ||||||||||| |
| 008 | 150406|2002||||xxc|||||o f|0| 0 eng|d |
| 040 | |aCaOODSP|beng |
| 043 | |an-cn--- |
| 086 | 1 |aNH15-396/2002E-PDF |
| 110 | 2 |aCanada Mortgage and Housing Corporation. |
| 245 | 10|aSustainable community planning and development - design charrette planning guide / |h[electronic resource]|cby Fiona S. Crofton. |
| 260 | |aOttawa - Ontario : |bCanada Mortgage and Housing Corporation |cNovember 2001. |
| 300 | |a127p.|bfigs., references, tables |
| 490 | 1 |aResearch report. Healthy housing and communities series |
| 500 | |aThe catalogue number (NH15-396/2002E) and ISBN (0-662-32810-8) for the print edition have been incorrectly copied in this electronic publication. |
| 590 | |a11-27-Supp|b2011-11-15 |
| 720 | 1 |aCrofton, Fiona S. |
| 775 | 08|tLa planification et le développement des collectivités durables - guide de planification de charrettes de conception / |w(CaOODSP)9.600971 |
| 830 | #0|aResearch report. Healthy housing and communities series.|w(CaOODSP)9.504937 |
| 856 | 40|ahttp://publications.gc.ca|qPDF|s588 KB|uhttps://publications.gc.ca/collections/collection_2011/schl-cmhc/nh18-1-4/NH15-396-2002-eng.pdf |